GATE Electrical engineering (Record no. 42)

MARC details
000 -LEADER
fixed length control field 00308nam a2200133Ia 4500
008 - FIXED-LENGTH DATA ELEMENTS--GENERAL INFORMATION
fixed length control field 191201s2014 xx 000 0 und d
100 ## - MAIN ENTRY--PERSONAL NAME
Personal name GUPTA,J B
245 #0 - TITLE STATEMENT
Title GATE Electrical engineering
250 ## - EDITION STATEMENT
Edition statement Ed
260 ## - PUBLICATION, DISTRIBUTION, ETC. (IMPRINT)
Place of publication, distribution, etc N. delhi
Name of publisher, distributor, etc S.K.Kataria
Date of publication, distribution, etc 2014
300 ## - PHYSICAL DESCRIPTION
Extent 1046
650 ## - SUBJECT ADDED ENTRY--TOPICAL TERM
Topical term or geographic name as entry element B.Tech(ECE)
942 ## - ADDED ENTRY ELEMENTS (KOHA)
Source of classification or shelving scheme Dewey Decimal Classification
Koha item type Text Books
Holdings
Withdrawn status Lost status Source of classification or shelving scheme Damaged status Not for loan Collection code Home library Current library Date acquired Source of acquisition Bill Number Total Checkouts Full call number Acc. no. / Barcode Date last seen Bill Date Koha item type Public note
    Dewey Decimal Classification     GENERAL PIET C-LIBRARY PIET C-LIBRARY 24/02/2014 Donated by S.K.Kataria Donated by S.K.Kataria   621 GUG 22991 04/12/2019 21/02/2014 Text Books Donated by S.K.Kataria Competition

Design & Developed by: PIET Central Library
R70 Miles Stone Pattikalyana Samalkha Panipat 132102
mail ID :- [email protected], Phone No:- 0180-2569700 Ex.216